Основы горного дела: история развития и термины: учебно-справочное пособие

Bibliographic Details
Main Author: Юров Ю. И. Юрий Иванович
Corporate Authors: Московский государственный открытый университет, Губкинский институт (филиал)
Summary:Приведены сведения об истории развития горного дела, во взаимосвязи рассмотрены общие вопросы о планете Земля, истории геологии, развитии железорудной промышленности мира, России и отдельных регионов, приведены сведения об горнорудной промышленности и приоритетные исследования совершенствования горных работ. Основные понятия и термины по горному делу скомпонованы по разделам в соответствии с образовательным стандартом. Для решения практических задач приведены контрольные вопросы и тесты с использованием персонального компьютера, лабораторно-практические работы, порядок экономического расчета и автоматизированного курсового проектирования. Учебно-справочное пособие предназначено для студентов ВУЗов и средних специальных учебных заведениях, изучающих основы горного дела.
Language:Russian
Published: Старый Оскол, ТНТ, 2006
Subjects:
Format: Book
KOHA link:https://koha.lib.tpu.ru/cgi-bin/koha/opac-detail.pl?biblionumber=112151

MARC

LEADER 00000nam0a2200000 4500
001 112151
005 20231101215037.0
010 |a 5941780885 
035 |a (RuTPU)RU\TPU\book\121252 
090 |a 112151 
100 |a 20070323d2006 m y0rusy50 ca 
101 0 |a rus 
102 |a RU 
105 |a a gj 001zy 
200 1 |a Основы горного дела: история развития и термины  |e учебно-справочное пособие  |f Ю. И. Юров  |g Московский государственный открытый университет; Губкинский институт (филиал) 
210 |a Старый Оскол  |c ТНТ  |d 2006 
215 |a 888 с.  |c ил. 
320 |a Библиогр.: с. 875-877. 
320 |a Алфавитный указатель терминов: с. 878-886. 
330 |a Приведены сведения об истории развития горного дела, во взаимосвязи рассмотрены общие вопросы о планете Земля, истории геологии, развитии железорудной промышленности мира, России и отдельных регионов, приведены сведения об горнорудной промышленности и приоритетные исследования совершенствования горных работ. Основные понятия и термины по горному делу скомпонованы по разделам в соответствии с образовательным стандартом. Для решения практических задач приведены контрольные вопросы и тесты с использованием персонального компьютера, лабораторно-практические работы, порядок экономического расчета и автоматизированного курсового проектирования. Учебно-справочное пособие предназначено для студентов ВУЗов и средних специальных учебных заведениях, изучающих основы горного дела. 
606 1 |a Горное дело  |2 stltpush  |3 (RuTPU)RU\TPU\subj\7566  |9 35173 
610 1 |a история 
610 1 |a Земля 
610 1 |a геология 
610 1 |a горнорудное дело 
610 1 |a Россия 
610 1 |a горные чины 
610 1 |a железорудная промышленность 
610 1 |a научно-педагогические кадры 
610 1 |a горная наука 
610 1 |a ученые 
610 1 |a инженерно-технические работники 
610 1 |a месторождения полезных ископаемых 
610 1 |a горные выработки 
610 1 |a горные породы 
610 1 |a разрушение 
610 1 |a разработка 
610 1 |a полезные ископаемые 
610 1 |a переработка 
610 1 |a обогащение 
610 1 |a безопасность 
610 1 |a производственная санитария 
610 1 |a горные предприятия 
610 1 |a проектирование 
610 1 |a расчет 
610 1 |a экономические расчеты 
610 1 |a автоматизированное курсовое проектирование 
610 1 |a понятия 
610 1 |a определения 
610 1 |a биографии 
610 1 |a справочники 
610 1 |a учебные пособия 
675 |a 622(09)(035)(075)  |v 3 
700 1 |a Юров  |b Ю. И.  |g Юрий Иванович 
712 0 2 |a Московский государственный открытый университет  |2 stltpush  |3 (RuTPU)RU\TPU\col\10651 
712 0 2 |a Губкинский институт (филиал)  |2 stltpush  |3 (RuTPU)RU\TPU\col\10787  |9 24926 
801 1 |a RU  |b 63413507  |c 20070323  |g PSBO 
801 2 |a RU  |b 63413507  |c 20140523  |g PSBO 
942 |c BK